[Event "Zalakaros op 30th"]
[Site "Zalakaros"]
[Date "2011.05.28"]
[Round "9"]
[White "Lacha, Jan"]
[Black "Toplak, Stefan"]
[Result "1-0"]
[WhiteElo "1953"]
[BlackElo "1892"]
[PlyCount "45"]
[EventDate "2011.05.20"]
[EventType "swiss"]
[EventRounds "9"]
[EventCountry "HUN"]
[SourceTitle "CBM 142 Extra"]
[Source "ChessBase"]
[SourceDate "2011.06.27"]
[SourceVersion "1"]
[SourceVersionDate "2011.06.27"]
[SourceQuality "1"]

1. e4 e5 2. Nf3 Nc6 3. d4 exd4 4. Bc4 f6 5. 0-0 Bc5 6. c3 dxc3 7. Bxg8 Rxg8 8. Qd5 Kf8 9. Qxc5+ d6 10. Qxc3 Bg4 11. Nd4 Bd7 12. Be3 a6 13. Nd2 Ne5 14. f4 c5 15. fxe5 cxd4 16. Bxd4 dxe5 17. Bxe5 b5 18. Rad1 Rc8 19. Qd4 Bg4 20. Bd6+ Kf7 21. Nf3 Re8 22. Qd5+ Be6 23. Ng5+ 1-0

[Event "Zalakaros op 30th"]
[Site "Zalakaros"]
[Date "2011.05.20"]
[Round "1"]
[White "Antal, Tibor Kende"]
[Black "Toplak, Stefan"]
[Result "1-0"]
[WhiteElo "2251"]
[BlackElo "1892"]
[PlyCount "63"]
[EventDate "2011.05.20"]
[EventType "swiss"]
[EventRounds "9"]
[EventCountry "HUN"]
[SourceTitle "CBM 142 Extra"]
[Source "ChessBase"]
[SourceDate "2011.06.27"]
[SourceVersion "1"]
[SourceVersionDate "2011.06.27"]
[SourceQuality "1"]

1. e4 e6 2. d4 d5 3. Nc3 c6 4. e5 Nd7 5. f4 a6 6. Nf3 c5 7. Be3 cxd4 8. Nxd4 g6 9. Qd2 h5 10. Be2 Qc7 11. 0-0-0 Bb4 12. Kb1 Bxc3 13. Qxc3 Qxc3 14. bxc3 b5 15. h3 Ne7 16. g4 Nc5 17. Nxb5 Ne4 18. Nc7+ Kd7 19. Nxa8 Nxc3+ 20. Ka1 Bb7 21. Nb6+ Kc6 22. Bf3 Nxd1 23. Rxd1 hxg4 24. hxg4 Rh3 25. Rf1 Kc7 26. Bc5 Nc6 27. c4 Nb8 28. cxd5 exd5 29. Nxd5+ Kc6 30. Bd6 Rxf3 31. Rxf3 Kxd5 32. Rb3 1-0

[Event "Zalakaros op 29th"]
[Site "Zalakaros"]
[Date "2010.05.30"]
[Round "5"]
[White "Voegerl, Ronald"]
[Black "Toplak, Stefan"]
[Result "1-0"]
[WhiteElo "2064"]
[BlackElo "1909"]
[PlyCount "67"]
[EventDate "2010.05.26"]
[EventType "swiss"]
[EventRounds "9"]
[EventCountry "HUN"]
[SourceTitle "CBM 136 Extra"]
[Source "ChessBase"]
[SourceDate "2010.07.02"]
[SourceVersion "2"]
[SourceVersionDate "2010.07.15"]
[SourceQuality "1"]

1. d4 Nf6 2. c4 g6 3. Nc3 Bg7 4. e4 d6 5. h3 0-0 6. Bd3 c6 7. Nge2 Nbd7 8. 0-0 Qc7 9. Be3 e5 10. d5 Nc5 11. Bc2 Nh5 12. b4 Na6 13. Rb1 f5 14. exf5 gxf5 15. f4 e4 16. c5 Rd8 17. b5 Nxc5 18. dxc6 bxc6 19. bxc6 Be6 20. Nd4 Bxd4 21. Bxd4 Ng7 22. Bf6 Rf8 23. Nd5 Bxd5 24. Qxd5+ Qf7 25. Qxd6 Qxf6 26. Qxc5 Ne6 27. Bb3 Kg7 28. Bxe6 Qxe6 29. Rb7+ Rf7 30. Rd1 Raf8 31. Rdd7 Qxa2 32. Rxf7+ Rxf7 33. c7 e3 34. c8Q 1-0

[Event "Zalakaros op 29th"]
[Site "Zalakaros"]
[Date "2010.05.27"]
[Round "2"]
[White "Toplak, Stefan"]
[Black "Radnai, Adam"]
[Result "0-1"]
[WhiteElo "1909"]
[BlackElo "2198"]
[PlyCount "70"]
[EventDate "2010.05.26"]
[EventType "swiss"]
[EventRounds "9"]
[EventCountry "HUN"]
[SourceTitle "CBM 136 Extra"]
[Source "ChessBase"]
[SourceDate "2010.07.02"]
[SourceVersion "2"]
[SourceVersionDate "2010.07.15"]
[SourceQuality "1"]

1. d4 Nf6 2. c4 g6 3. Nc3 Bg7 4. e4 0-0 5. f3 d6 6. Be3 c6 7. Qd2 a6 8. a4 a5 9. Bh6 Qb6 10. Bxg7 Kxg7 11. g4 e5 12. d5 Na6 13. Be2 Nc5 14. Bd1 Qb4 15. b3 Nxb3 16. Bxb3 Qxb3 17. h4 h5 18. g5 Nd7 19. Qd3 Nc5 20. Qe3 Qxc4 21. Nge2 Qd3 22. Qf2 Qxc3+ 23. Nxc3 Nd3+ 24. Ke2 Nxf2 25. Kxf2 f6 26. gxf6+ Rxf6 27. Ke3 Rf7 28. Rab1 cxd5 29. Nxd5 Be6 30. Nb6 Raf8 31. Rhf1 Rf4 32. Rbd1 Rxf3+ 33. Rxf3 Rxf3+ 34. Ke2 Bg4 35. Rxd6 Rf6+ 0-1

[Event "Zalakaros op 29th"]
[Site "Zalakaros"]
[Date "2010.05.26"]
[Round "1"]
[White "Kincs, Imre"]
[Black "Toplak, Stefan"]
[Result "1-0"]
[WhiteElo "2259"]
[BlackElo "1909"]
[PlyCount "185"]
[EventDate "2010.05.26"]
[EventType "swiss"]
[EventRounds "9"]
[EventCountry "HUN"]
[SourceTitle "CBM 136 Extra"]
[Source "ChessBase"]
[SourceDate "2010.07.02"]
[SourceVersion "2"]
[SourceVersionDate "2010.07.15"]
[SourceQuality "1"]

1. d4 Nf6 2. c4 g6 3. Nc3 Bg7 4. e4 d6 5. Nf3 Nbd7 6. h3 0-0 7. e5 dxe5 8. dxe5 Ne8 9. Bf4 c6 10. Qd2 Qc7 11. Qe3 Qb6 12. Qxb6 Nxb6 13. 0-0-0 Nc7 14. g4 Ne6 15. Bg3 f6 16. Ne4 f5 17. gxf5 gxf5 18. Nc3 h6 19. Bh4 Ng5 20. Nxg5 hxg5 21. Bxg5 Bxe5 22. Bxe7 Re8 23. Rg1+ Kf7 24. Bg5 Be6 25. Be2 Bxc4 26. Bh5+ Ke6 27. Bxe8 Rxe8 28. f4 Bxc3 29. bxc3 Rh8 30. Rge1+ Kf7 31. Re7+ Kg6 32. Rd6+ Kh5 33. Rxb7 Bxa2 34. Rxa7 Bd5 35. Bd8 Nc8 36. Rxd5 Nxa7 37. Rxf5+ Kg6 38. Rg5+ Kf7 39. Bb6 Nb5 40. Rg3 Ra8 41. Bc5 Ra1+ 42. Kb2 Rf1 43. c4 Nc7 44. Bd6 Ne6 45. Rg4 Nd4 46. Be5 Nf5 47. Rg5 Ne3 48. Rg7+ Ke6 49. Rg6+ Kd7 50. Rd6+ Ke7 51. Rxc6 Rh1 52. h4 Kd7 53. Rc7+ Ke6 54. Kc3 Rxh4 55. Kd3 Nf5 56. Rc6+ Kd7 57. Ra6 Ne7 58. Rd6+ Ke8 59. Ke4 Rh1 60. Rd2 Rc1 61. Kd3 Nc6 62. Bc3 Kf7 63. Rg2 Rd1+ 64. Bd2 Kf6 65. Ke4 Ne7 66. f5 Kf7 67. Bc3 Rc1 68. Rg7+ Kf8 69. Rg3 Kf7 70. f6 Ng6 71. c5 Rd1 72. Bd4 Re1+ 73. Kd3 Nf4+ 74. Kd2 Re2+ 75. Kd1 Re6 76. Rg7+ Kf8 77. Rg5 Rc6 78. Rf5 Ne6 79. Be3 Kf7 80. Kd2 Ra6 81. Kd3 Ra3+ 82. Ke4 Rc3 83. Bf2 Rc4+ 84. Kd5 Rf4 85. Rxf4 Nxf4+ 86. Ke4 Ne6 87. Kf5 Nd8 88. Bg3 Nc6 89. Be5 Nd8 90. Bd4 Nc6 91. Bc3 Nd8 92. Ke5 Ne6 93. Kd6 1-0

[Event "Zalakaros op 28th"]
[Site "Zalakaros"]
[Date "2009.05.14"]
[Round "7"]
[White "Haszon, David"]
[Black "Toplak, Stefan"]
[Result "1-0"]
[WhiteElo "2020"]
[BlackElo "1926"]
[PlyCount "85"]
[EventDate "2009.05.08"]
[EventType "swiss"]
[EventRounds "9"]
[EventCountry "HUN"]
[SourceTitle "CBM 130 Extra"]
[Source "ChessBase"]
[SourceDate "2009.07.02"]
[SourceVersion "2"]
[SourceVersionDate "2009.07.15"]
[SourceQuality "1"]

1. e4 e5 2. Nf3 Nc6 3. Bb5 d6 4. d4 exd4 5. Nxd4 Bd7 6. Nxc6 Bxc6 7. Bxc6+ bxc6 8. 0-0 g6 9. Qf3 Qf6 10. Qg3 Bg7 11. Nc3 Ne7 12. Be3 0-0 13. f4 Nc8 14. f5 Qe5 15. Bf4 Qc5+ 16. Kh1 Be5 17. Qg5 Bxf4 18. Rxf4 Qe5 19. Raf1 f6 20. Qg4 g5 21. R4f3 Kg7 22. Rh3 Qe8 23. Ne2 c5 24. Nf4 Kh8 25. Ng6+ Kg7 26. Qh5 Rh8 27. Qh6+ Kf7 28. Nxh8+ Qxh8 29. Qxh7+ Qg7 30. Qh5+ Ke7 31. Qh8 Qxh8 32. Rxh8 Nb6 33. Rxa8 Nxa8 34. Rf3 Nb6 35. Ra3 Nc8 36. Rh3 Nb6 37. Rh7+ Kd8 38. Rf7 Nd7 39. g3 a5 40. h4 gxh4 41. gxh4 Ne5 42. Rxf6 Ke7 43. Re6+ 1-0